Sheehy's manual of emergency care. (Record no. 699)

000 -LEADER
fixed length control field 01278nam a22003857a 4500
001 - CONTROL NUMBER
control field 61852304
003 - CONTROL NUMBER IDENTIFIER
control field OCoLC
005 - DATE AND TIME OF LATEST TRANSACTION
control field 20210421073143.0
008 - FIXED-LENGTH DATA ELEMENTS--GENERAL INFORMATION
fixed length control field 051006s2005 moua bf 000 0 eng
020 ## - INTERNATIONAL STANDARD BOOK NUMBER
International Standard Book Number 0323027997 (pbk.)
020 ## - INTERNATIONAL STANDARD BOOK NUMBER
International Standard Book Number 9780323027991
040 ## - CATALOGING SOURCE
Original cataloging agency GCD
Transcribing agency GCD
Modifying agency COU
-- BAKER
-- IXA
Language of cataloging eng
041 ## - LANGUAGE CODE
Language code of text/sound track or separate title eng
049 ## - LOCAL HOLDINGS (OCLC)
Holding library VZYM, VZYMN
080 ## - UNIVERSAL DECIMAL CLASSIFICATION NUMBER
Universal Decimal Classification number 61
Item number N-52
096 ## - LOCALLY ASSIGNED NLM-TYPE CALL NUMBER (OCLC)
Classification number WX 39 S541 2005
245 00 - TITLE STATEMENT
Title Sheehy's manual of emergency care.
Statement of responsibility, etc. / by: Elsevier Mosby,
246 30 - VARYING FORM OF TITLE
Title proper/short title Manual of emergency care.
250 ## - EDITION STATEMENT
Edition statement 6th edition
260 ## - PUBLICATION, DISTRIBUTION, ETC.
Place of publication, distribution, etc. St. Louis, Mo. :
Name of publisher, distributor, etc. Elsevier Mosby,
Date of publication, distribution, etc. 2005.
300 ## - PHYSICAL DESCRIPTION
Extent xvii, 971 p. :
Other physical details ill. ; 24 cm.
365 ## - TRADE PRICE
Price amount 64.94 usd
500 ## - GENERAL NOTE
General note Previous ed. published as: Manual of emergency care / Susan Budassi Sheehy, Gail Pisarcik Lenehan.
504 ## - BIBLIOGRAPHY, ETC. NOTE
Bibliography, etc. note Includes bibliographical references and index.
650 #2 - SUBJECT ADDED ENTRY--TOPICAL TERM
Topical term or geographic name entry element Emergency Nursing
Form subdivision Handbooks.
650 #0 - SUBJECT ADDED ENTRY--TOPICAL TERM
Topical term or geographic name entry element Medicine
9 (RLIN) 69
650 #2 - SUBJECT ADDED ENTRY--TOPICAL TERM
Topical term or geographic name entry element Emergency Medical Services
Form subdivision Handbooks.
650 #2 - SUBJECT ADDED ENTRY--TOPICAL TERM
Topical term or geographic name entry element Emergency Medicine.
653 ## - INDEX TERM--UNCONTROLLED
Uncontrolled term მედიცინა
653 ## - INDEX TERM--UNCONTROLLED
Uncontrolled term გადაუდებელი მედიცინა
700 1# - ADDED ENTRY--PERSONAL NAME
Personal name Newberry, Lorene.
Relator term Editor
700 1# - ADDED ENTRY--PERSONAL NAME
Personal name Criddle, Laura M.
Relator term Editor
710 2# - ADDED ENTRY--CORPORATE NAME
Corporate name or jurisdiction name as entry element Emergency Nurses Association.
942 ## - ADDED ENTRY ELEMENTS (KOHA)
Source of classification or shelving scheme
Koha item type Books
Edition 6
Holdings
Withdrawn status Lost status Source of classification or shelving scheme Damaged status Not for loan Permanent location Current location Date acquired Inventory number Total Checkouts Full call number Barcode Date last seen Price effective from Koha item type Date last checked out
          Ken Walker International University Ken Walker International University 12/18/2020 2164   61 N-52 2164 12/18/2020 12/18/2020 Books  
          Ken Walker International University Ken Walker International University 12/18/2020 2163   61 N-52 2163 12/18/2020 12/18/2020 Books  
          Ken Walker International University Ken Walker International University 12/18/2020 2162 1 61 N-52 2162 04/23/2025 12/18/2020 Books 04/23/2025

Powered by Koha